00657 2200241 4500001002100000005001700021008004100038020001800079035002400097082001200121090001900133100001100152245007300163250001000236260003100246300001900277504001600296650001900312700003000331990001800361990001800379990001800397YOGYA-0411000000176320110420125633.0 ind  a979-963-664-7 0010-041100000001763 a297.566 a297.566bSuy S aSUYADI aSetanmu adalah kemaluanmu / Suyadi ; editor Zainul Arifin El-Basyier aCet.1 aYogjakartabGarailmuc2009 a228 hlmc20 cm ahlm.225-226 aIslam dan Seks aEl-Basyier, Zainul Arifin a51267-PD/B.10 a51268-PD/B.10 a51269-PD/B.10